000 00523nam a2200181Ia 4500
999 _c19746
_d19746
003 OSt
005 20200703145306.0
008 190216s9999||||xx |||||||||||||| ||und||
020 _a0582332044
040 _coclc
082 _a940.28
_bRIC/I
100 _aRichards, Denis
_93492
245 0 _aAn Illustrated History Of Modern Europe 1789-1984 /
_cDenis Richards
250 _a7th Ed.
260 _bLongmans,
_c1985.
_aEngland:
300 _a372p
942 _cBK
_2ddc
_h940.28
_iRIC/I
_k940.28
_mRIC/I